000 00633nam a22002297a 4500
003 UA-OsUOA
001 92554
007 ta
008 20121219b un ||||| |||| 00| 0 ukr d
100 _aГайдуцький П.І.
700 _aЖук В.П.
090 _a330(477)
_bГ14
942 _cSA
040 _aUA-OsUOA
_bukr
_cUA-OsUOA
_dUA-OsUOA
245 _aРоль бухгалтерського обліку в попередженні економічних криз
300 _aС.72-83
955 _a0
041 _aukr
080 _a330(477)
773 0 _w92549
650 7 _a330 Економіка взагалі
_2UDC
999 _c378802
_d378802